Haïti pour les touristes... - Facile - Statistiques

Statistiques générales
  • Ce quiz a été pris 60 fois
  • Le résultat moyen est 11 sur 20
Statistiques - réponses
Question Indice Réponses Indice facile % Correct
Quelles sont les langues officielles ? Français
100%
Quelles sont les langues officielles ? Créole C
95%
Avez-vous besoin d'un visa ? (oui/non) Non
80%
La conduite se fait à droite ou à gauche ? Droite
78%
Quel est le climat local ? T Tropical
76%
Dans la capitale quel est le décalage horaire avec Paris ? (+ ou - et chiffre) ex - 10 - 6
75%
Combien d'heures (environ) mettrez-vous pour vous y rendre ? (en chiffres) 10
73%
Quelles sont les principaux lieux touristiques ? V Ile à {Vache} CHAVE
65%
Quelle est la monnaie ? Gourde G
56%
Le principal aéroport est PAP Port-au-Prince
56%
La vitesse est limitée hors des villes à {80} km/h
53%
Achats à faire 3/ Alcool Rhum MURH
53%
Achats à faire 2/ Scènes en bois de Coco COOC
49%
Le suffixe internet est ht
42%
La religion majoritaire est Catholicisme C
40%
Achats à faire 1/ Fer forgé... Peint TIENP
27%
Quelles sont les principaux lieux touristiques ? J Jacmel MACLEJ
15%
Quelles sont les principaux lieux touristiques ? L V Parc national de {La Visite} SIVITALE
15%
Quelles sont les principaux lieux touristiques ? A Côte des {Arcadins} CANDIRAS
7%
Comment se nomme la principale compagnie aérienne locale S A Sunrise airways RAINURASSESIWI
7%
Aucun quiz correspondant
Distribution des résultats
% des personnes avec chaque résultat
Percentile par nombre de réponses
Votre historique - résultats
Vous n’avez pas pris ce quiz